Statistics for Top 30 Roblox Games (Most Visits)

Click here to take the quiz!

General Stats

  • This quiz has been taken 22 times
  • The average score is 10 of 30

Answer Stats

Answer% Correct
Adopt Me
81%
Bloxburg
69%
Blox Fruits
69%
Brookhaven
56%
Rainbow Friends
56%
Doors
50%
Jailbreak
50%
MeepCity
50%
Murder Mystery 2
50%
Arsenal
38%
Pet Simulator X
38%
Piggy
38%
Work at a Pizza Place
38%
Prison Life
31%
Royale High
31%
Tower of Hell
31%
Mad City
25%
Natural Disaster Survival
25%
Bedwars
19%
Bee Swarm Simulator
19%
Da Hood
19%
Hide and Seek Extreme
19%
Islands
19%
Tower Defense Simulator
19%
Evade
13%
All Star Tower Defense
6%
A Very Hungry Pikachu
6%
Build a Boat for Treasure
6%
Flee the Facility
6%
Pokemon Brick Bronze
6%

Score Distribution

Percentile by Number Answered

Percent of People with Each Score

Your Score History

You have not taken this quiz